[Event "MK Cafe op-A"]
[Site "Koszalin"]
[Date "1997.08.04"]
[Round "2"]
[White "Labuckas, Aidas"]
[Black "Brodsky, Michail"]
[Result "1/2-1/2"]
[WhiteElo "2430"]
[BlackElo "2545"]

1.e4 c5 2.Nf3 e6 3.d4 cxd4 4.Nxd4 Nc6 5.Nc3 Qc7 6.Be2 a6 7.O-O Nf6 8.Be3 Bb4
9.Na4 Bd6 10.f4 Nxe4 11.c4 O-O 12.Rc1 Be7 13.Nb3 d6 14.Bb6 Qb8 15.Bd3 Nf6
16.Kh1 Bd7 17.Bg1 Qc7 18.Bb6 Qb8 19.Bg1 Qc7 20.Bb6 Qc8 21.Bg1 Rb8 22.Bb1 b5
23.Nb6 Qd8 24.cxb5 axb5 25.Nxd7 Qxd7 26.Rc3 Rfd8 27.Rh3 g6 28.Rg3 Bf8 29.f5 Bg7
30.fxg6 hxg6 31.Qe2 Rf8 32.Rd1 Nd5 33.Qd2 Ne5 34.Nd4 Nc4 35.Qc2 Nf4 36.Rb3 Rbc8
37.Qe4 d5 38.Qe1 Nd6 39.g3 e5 40.Nf3 e4 41.gxf4 exf3 42.Qg3 d4 43.Qxf3 Nc4
44.Be4 Rc5 45.Qg3 Nd6 46.Bg2  1/2-1/2

[Event "MK Cafe op-A"]
[Site "Koszalin"]
[Date "1997.08.04"]
[Round "3"]
[White "Kokkila, Tero"]
[Black "Sokolowski, Ryszard"]
[Result "0-1"]
[WhiteElo "2335"]
[BlackElo "2210"]

1.e4 c5 2.Nf3 e6 3.d4 cxd4 4.Nxd4 Nc6 5.Nc3 Qc7 6.Be3 a6 7.Bd3 b5 8.O-O Bb7
9.Kh1 Nf6 10.f4 d6 11.Qf3 Be7 12.a4 b4 13.Nce2 Nxd4 14.Bxd4 h5 15.c3 d5 16.e5 Ne4
17.Rfd1 h4 18.cxb4 Bxb4 19.f5 exf5 20.Qxf5 Qe7 21.Rac1 Rd8 22.Rf1 Rh6 23.Be3 g6
24.Qxf7+ Qxf7 25.Rxf7 Kxf7 26.Rc7+ Ke8 27.Bxe4 dxe4 28.Rxb7 Rd1+ 29.Ng1 a5
30.Rb8+ Kf7 31.Rxb4 axb4 32.Bxh6 Rb1 33.e6+ Kxe6 34.Bg7 e3  0-1

[Event "MK Cafe op-A"]
[Site "Koszalin"]
[Date "1997.08.04"]
[Round "3"]
[White "Pinski, Jan"]
[Black "Milos, Gilberto"]
[Result "1/2-1/2"]
[WhiteElo "2295"]
[BlackElo "2590"]

1.e4 c5 2.Nf3 e6 3.d4 cxd4 4.Nxd4 Nc6 5.Nc3 Qc7 6.g3 a6 7.Bg2 Nf6 8.O-O Bc5
9.Nce2 O-O 10.c4 d6 11.b3 Rb8 12.Bb2 e5 13.Nxc6 bxc6 14.Nc1 Bg4 15.Qc2 Nd7
16.Nd3 Ba7 17.Qd2 a5 18.Bc3 a4 19.Rab1 Rb7 20.Rfc1 axb3 21.axb3 Be6 22.Ba5 Qc8
23.Bb4 Qb8 24.c5 dxc5 25.Bxc5 Nxc5 26.Nxc5 Rd8 27.Qc3 Bxc5 28.Qxc5 Rxb3 29.Rxb3 Qxb3
30.Qxc6 Rd1+ 31.Rxd1 Qxd1+ 32.Bf1 h6 33.Qc3 Bg4 34.Qd3 Qxd3 35.Bxd3 Kf8 36.Kg2 Ke7
37.f3 Be6 38.Kf2 Kd6 39.Ke3 Kc5 40.h4 Bc4 41.Bc2 Kb4 42.Bd1 Bf1 43.f4 f6  1/2-1/2

[Event "MK Cafe op-A"]
[Site "Koszalin"]
[Date "1997.08.04"]
[Round "3"]
[White "Macieja, Bartlomiej"]
[Black "Poluljahov, Aleksandr"]
[Result "1/2-1/2"]
[WhiteElo "2470"]
[BlackElo "2510"]

1.e4 c5 2.Nf3 e6 3.d4 cxd4 4.Nxd4 Nc6 5.Nc3 Qc7 6.Be3 a6 7.Bd3 Nf6 8.O-O Nxd4
9.Bxd4 Bc5 10.Be2 d6 11.Qd2 b5 12.Bxf6 gxf6 13.b4 Bxb4 14.Nxb5 Qc5 15.c3 Ba3
16.Nxa3 Qxa3 17.Rab1 Qc5 18.Rb4 Ke7 19.Rfb1 Rd8 20.Rc4 Qa7 21.Rd1 e5 22.Rc6 Qd7
23.Rb6 Qc7 24.Rdb1 Ra7 25.Qe3 a5 26.f3 Rb7 27.c4 Rxb6 28.Qxb6 Rd7 29.Kf2 Qxb6+
30.Rxb6 Rc7 31.Rb5 Rc5 32.Rxc5 dxc5 33.g4  1/2-1/2

[Event "AUT-ch"]
[Site "Moesern"]
[Date "1997.08.04"]
[Round "3"]
[White "Mahdi, Khaled"]
[Black "Sommerbauer, Norbert"]
[Result "1/2-1/2"]
[WhiteElo "2400"]
[BlackElo "2395"]

1.e4 c5 2.Nf3 e6 3.d4 cxd4 4.Nxd4 Nc6 5.Nc3 Qc7 6.Be2 a6 7.O-O Nf6 8.Be3 d6
9.f4 Be7 10.Kh1 O-O 11.Qe1 Bd7 12.Qg3 b5 13.Bd3 Nxd4 14.Bxd4 Bc6 15.Rae1 g6
16.Qh3 Rad8 17.e5 dxe5 18.Bxe5 Qb7 19.Re3 Nh5 20.Ne4 f5 21.Ng5  1/2-1/2

[Event "MK Cafe op-A"]
[Site "Koszalin"]
[Date "1997.08.05"]
[Round "4"]
[White "Gdanski, Jacek"]
[Black "Taimanov, Mark E"]
[Result "1/2-1/2"]
[WhiteElo "2505"]
[BlackElo "2425"]

1.e4 c5 2.Nc3 Nc6 3.Nge2 e6 4.d4 cxd4 5.Nxd4 a6 6.Be2 Nge7 7.O-O Nxd4 8.Qxd4 Nc6
9.Qd3 Qc7 10.Bg5 Bd6 11.Kh1 Ne5 12.Qh3 Ng6 13.Bd3 Bf4 14.Bxf4 Nxf4 15.Qg3 Qe5
16.a4 d6 17.Qe3 Bd7 18.Rfd1 Bc6 19.Bf1 Ng6 20.g3 Qc5 21.Qxc5 dxc5  1/2-1/2

[Event "AUT-ch (Women)"]
[Site "Gallspach"]
[Date "1997.08.06"]
[Round "10"]
[White "Sommer, Sonja"]
[Black "Hohendanner, Sonja"]
[Result "1/2-1/2"]
[WhiteElo "1955"]
[BlackElo "1636"]

1.e4 c5 2.Nf3 Nc6 3.d4 cxd4 4.Nxd4 e6 5.Nc3 Nf6 6.Ndb5 d6 7.Bf4 e5 8.Bg5 a6
9.Na3 Be7 10.Bxf6 Bxf6 11.Nd5 O-O 12.Nc4 b5 13.Nce3 Na7 14.c3 Bb7 15.Be2 Nc8
16.Qd3 Nb6 17.Nxb6 Qxb6 18.Rd1 Rad8 19.O-O g6 20.Ng4 Bg7 21.Qe3 Qxe3 22.fxe3 d5
23.exd5 Bxd5 24.Nf6+ Bxf6 25.Rxf6 Bb7 26.Rfd6 Rxd6 27.Rxd6 Rc8 28.Rd7 Be4
29.Kf1 Rc6 30.Bf3 Bxf3 31.gxf3 Kg7 32.Rd5 Kf6 33.Ke2 Ke6 34.e4 f5 35.Kd3 fxe4+
36.fxe4 g5 37.b3 h5 38.b4  1/2-1/2

[Event "BCF-ch"]
[Site "Hove"]
[Date "1997.08.06"]
[Round "3"]
[White "Mortazavi, Ali"]
[Black "Emms, John M"]
[Result "1/2-1/2"]
[WhiteElo "2390"]
[BlackElo "2530"]

1.Nf3 c5 2.e4 e6 3.d4 cxd4 4.Nxd4 Nc6 5.Nc3 Qc7 6.g3 a6 7.Bg2 Nf6 8.O-O d6
9.Re1 Rb8 10.Nxc6 bxc6 11.e5 dxe5 12.Rxe5 Bd6 13.Re1 O-O 14.b3 c5 15.Qe2 Bb7
16.Bxb7 Qxb7 17.Bb2  1/2-1/2

[Event "AUT-ch"]
[Site "Moesern"]
[Date "1997.08.07"]
[Round "6"]
[White "Schlosser, Michael"]
[Black "Sommerbauer, Norbert"]
[Result "1/2-1/2"]
[WhiteElo "2350"]
[BlackElo "2395"]

1.e4 c5 2.Nf3 e6 3.d4 cxd4 4.Nxd4 Nc6 5.Nc3 Qc7 6.f4 a6 7.Be2 b5 8.Nxc6 Qxc6
9.Bf3 Bb7 10.Be3 Qc7 11.a3 Bc5 12.Bd4 Bxd4 13.Qxd4 f6 14.O-O Ne7 15.Rad1 Rc8
16.Kh1 Nc6 17.Qd3 Na5 18.e5  1/2-1/2

[Event "Montecatini Terme op"]
[Site "Montecatini Terme"]
[Date "1997.08.07"]
[Round "7"]
[White "Ulibin, Mikhail"]
[Black "Horvath, Jozsef"]
[Result "1/2-1/2"]
[WhiteElo "2535"]
[BlackElo "2525"]

1.e4 c5 2.Nf3 e6 3.d4 cxd4 4.Nxd4 Nc6 5.Nc3 Qc7 6.f4 a6 7.Nb3 b5 8.Bd3 Bb7
9.Be3 Nf6 10.O-O d6 11.Qf3 Be7 12.a4 b4 13.Nb1 O-O 14.N1d2 Nd7 15.Qh3 Rfe8
16.Nc4 e5 17.f5 Nd4 18.Nxd4 exd4 19.Bf4 Rad8 20.Qg3 Nf6 21.e5 dxe5 22.Bxe5 Qc5
23.Rae1 Bd5 24.Nd2 Qc6 25.b3 Nh5 26.Qf2 Bg5 27.Bxd4 Nf4 28.Rxe8+ Rxe8 29.Nf3 Nxd3
30.cxd3 Bf4 31.Qb2 Qh6 32.h3 Be3+ 33.Kh1 Bxd4 34.Qxd4 Bxb3 35.Qxb4 Bd5 36.Qd4 Qc6
37.a5 h6 38.Kh2 Re2 39.Qf4 Ra2 40.Kh1 Rxa5 41.Rf2 Ra1+ 42.Kh2 Bxf3 43.Qb8+  1/2-1/2

[Event "BCF-ch playoff"]
[Site "Hove"]
[Date "1997.08.15"]
[Round "2"]
[White "Adams, Michael"]
[Black "Sadler, Matthew"]
[Result "1-0"]
[WhiteElo "2680"]
[BlackElo "2665"]

1.e4 c5 2.Nf3 e6 3.d4 cxd4 4.Nxd4 Nc6 5.Nc3 Qc7 6.g3 a6 7.Bg2 Nf6 8.O-O Be7
9.Re1 d6 10.Nxc6 bxc6 11.e5 dxe5 12.Rxe5 O-O 13.Bf4 Qb7 14.b3 Nd5 15.Nxd5 exd5
16.Re1 Bb4 17.Bd2 Bg4 18.Qxg4 Bxd2 19.Re2 Bc3 20.Rd1 Rfe8 21.Rd3 Bf6 22.Rde3 Rxe3
23.Rxe3 a5 24.h4 Qc8 25.Qf4 Qb8 26.Qa4 Qb5 27.Qxb5 cxb5 28.Bxd5 Rd8 29.c4 Kf8
30.Kf1 h6 31.h5 Be7 32.Rf3 Bf6 33.Re3 Be7 34.Ke2 Bc5 35.Rf3 Rd7 36.Rf5 bxc4
37.Bxc4 Bb4 38.Ke3 Re7+ 39.Kd4 Rd7+ 40.Bd5 Rc7 41.g4 Ke8 42.Bc4 Rd7+ 43.Ke4 Rc7
44.Rb5 Be1 45.f4 Bd2 46.g5 a4 47.gxh6 gxh6 48.Rb6 axb3 49.axb3 Re7+ 50.Kf5 Rc7
51.Rxh6 Kf8 52.Ra6 Rc5+ 53.Kg4 Bc3 54.Ra7 Kg7 55.Bxf7 Kh6 56.Bg8  1-0

[Event "Schwarzach op-B"]
[Site "Schwarzach"]
[Date "1997.08.26"]
[Round "4.2"]
[White "Becker, Thomas"]
[Black "Junger, Gerald"]
[Result "0-1"]
[WhiteElo "1882"]
[BlackElo "1786"]

1.e4 c5 2.Nf3 Nc6 3.d4 cxd4 4.Nxd4 e6 5.Nc3 Nf6 6.Ndb5 d6 7.Bf4 e5 8.Bg5 a6
9.Na3 b5 10.Bxf6 gxf6 11.Nd5 f5 12.exf5 Bxf5 13.c3 Bg7 14.Nc2 Ne7 15.Nce3 Be6
16.Nxe7 Qxe7 17.a4 Rb8 18.axb5 axb5 19.Nd5 Qb7 20.Bxb5+ Kf8 21.Nb4 Qxb5 22.Qxd6+ Kg8
23.Nc6 Bf8 24.Qxb8 Qxc6 25.Ra8 Qe4+ 26.Kd2 Qf4+ 27.Kd1 Bg4+ 28.f3 Bxf3+ 29.gxf3 Qxf3+
30.Kc2 Qg2+ 31.Kd3 Qf3+ 32.Kd2 Qg2+ 33.Ke3 Qh3+ 34.Ke4 Qg4+ 35.Kxe5 Kg7 36.Kd5 Qe6+
37.Kd4 Bc5+ 38.Kxc5 Rxb8 39.Rxb8  0-1

[Event "Schwarzach op-B"]
[Site "Schwarzach"]
[Date "1997.08.26"]
[Round "4.10"]
[White "Bergthaler, Josef"]
[Black "Schoerghofer, Hans"]
[Result "1/2-1/2"]
[WhiteElo "1893"]
[BlackElo "1670"]

1.e4 c5 2.Nf3 Nc6 3.d4 cxd4 4.Nxd4 e6 5.Nc3 d6 6.Be2 Be7 7.O-O Nf6 8.Bg5 a6
9.Qd2 O-O 10.Rad1 Ne8 11.Bxe7 Qxe7 12.f4 Rb8 13.Bf3 Nxd4 14.Qxd4 b5 15.Rfe1 Qc7
16.Qd2 Bb7 17.Ne2 Rc8 18.c3 Rd8 19.Qe3 Nf6 20.Ng3 Rfe8 21.Nh5 Nxh5 22.Bxh5 g6
23.Bf3 Re7 24.h4 Red7 25.h5 Qc5 26.hxg6 hxg6 27.Kf2 f5 28.exf5 Qxe3+ 29.Rxe3 Bxf3
30.Kxf3 exf5 31.g4 Kf7 32.gxf5 gxf5 33.Rd5 Kf6 34.Re2 Rh8 35.Rg2 Rh3+ 36.Kf2 Ke6
37.Rd1 Kf6 38.Rdg1 Rdh7 39.Rg6+ Ke7 40.Rg7+ Kd8 41.Rxh7 Rxh7 42.Rg2 Kc7 43.Kf3 Kc6
44.Ke2 a5 45.Kd2 Kc5 46.Rg5 Rf7 47.Kd3 b4 48.Rh5 bxc3 49.Kxc3 Kd5 50.Kd3 Kc5
51.b3 Kb4 52.Rh6 Kc5 53.Rh5 Kb4 54.Kd4 Ka3 55.Rh2 a4 56.bxa4 Kxa4 57.Rh6 Re7
58.Kd5 Re4  1/2-1/2

[Event "FRA-ch"]
[Site "Narbonne"]
[Date "1997.08.29"]
[Round "14"]
[White "Koch, Jean Rene"]
[Black "Marciano, David"]
[Result "1/2-1/2"]
[WhiteElo "2495"]
[BlackElo "2470"]

1.e4 c5 2.Nf3 e6 3.d4 cxd4 4.Nxd4 Nc6 5.Nc3 Qc7 6.Be2 a6 7.O-O b5 8.Nxc6 dxc6
9.a4 Rb8 10.axb5 cxb5 11.Bd3 Bb7 12.Qe2 Bd6 13.f4 Ne7 14.e5 Bc5+ 15.Be3 Nf5
16.Bxc5 Qxc5+ 17.Qf2 Qb4 18.Ne4 Bxe4 19.c3 Qb3 20.Bxe4 O-O 21.Rxa6 b4 22.Rc6 bxc3
23.bxc3 g6 24.Bxf5 exf5 25.Re1 Rbc8 26.Qc5 Qb7 27.Rxc8 Rxc8 28.Qb4 Qd5 29.Qd4 Qb3
30.h3  1/2-1/2

[Event "ST Lee Cup 4th"]
[Site "Beijing"]
[Date "1997.09.01"]
[Round "8"]
[White "Landa, Konstantin"]
[Black "Liang Jinrong"]
[Result "0-1"]
[WhiteElo "2560"]
[BlackElo "2425"]

1.e4 c5 2.Nc3 Nc6 3.Nf3 e6 4.d4 cxd4 5.Nxd4 Qc7 6.Be2 a6 7.O-O Nf6 8.Be3 Bb4
9.Na4 Be7 10.Nxc6 bxc6 11.Nb6 Rb8 12.Nxc8 Qxc8 13.e5 Nd5 14.Bc1 Bc5 15.Qd3 O-O
16.Qc4 Ba7 17.Qe4 Qc7 18.Bxa6 f5 19.exf6 Rb4 20.Qe2 Nxf6 21.Be3 Ng4 22.g3 Nxe3
23.fxe3 Qe5 24.Rfe1 Re4 25.Rf1 Rxe3 26.Rxf8+ Kxf8 27.Qf2+ Ke7 28.Kg2 Qd5+
29.Kh3 Re5  0-1

[Event "Chania op 7th"]
[Site "Chania"]
[Date "1997.09.07"]
[Round "5"]
[White "Chilov, Alexandros"]
[Black "Pappas, Konstantinos"]
[Result "0-1"]
[WhiteElo "2220"]
[BlackElo "2085"]

1.e4 c5 2.Nf3 e6 3.Nc3 Nc6 4.d4 cxd4 5.Nxd4 Bb4 6.Nxc6 bxc6 7.Bd3 d5 8.O-O Qa5
9.Bd2 d4 10.Nb1 Nf6 11.f4 Rb8 12.a3 Bxd2 13.Nxd2 Qc7 14.Nc4 Ba6 15.e5 Ne4
16.Re1 Bxc4 17.Bxc4 Nc5 18.Qxd4 Qb6 19.b4 Na4 20.Qxb6 axb6 21.b5 c5 22.f5 Ke7
23.fxe6 fxe6 24.Re3 Rhf8 25.Bb3 Nb2 26.Rb1 Rbd8 27.h3 Nd1 28.Rg3 g6 29.Bc4 Rd2
30.Rd3 Rff2 31.Rxd2 Rxd2 32.Bd3 Ne3 33.a4 Rxg2+ 34.Kh1 Rf2 35.a5 bxa5 36.b6 Rf8
37.b7 Rb8 38.Rb5 a4 39.Be4 Nd5 40.Bg2 a3 41.c4 a2 42.Ra5 Rxb7 43.Rxa2 Rb1+
44.Kh2 Ne3 45.Be4 Re1 46.Bd3 Nf5 47.Ra7+ Kf8 48.Bxf5 gxf5 49.Kg3 Rxe5 50.Kf4 Re4+
51.Kg5 f4 52.Rxh7 Kg8 53.Kg6 e5 54.h4 Re1 55.Rg7+ Kf8 56.Rf7+ Ke8 57.h5 Rg1+
58.Kf6 f3 59.Ke6 e4 60.Ra7 Kf8 61.h6 Kg8 62.Ra2 e3 63.Ra8+ Kh7 64.Kf7 f2  0-1

[Event "EU-ch U20 Girls"]
[Site "Tallinn"]
[Date "1997.09.12"]
[Round "3"]
[White "Pallova, Romana"]
[Black "Trofimova, Olga"]
[Result "0-1"]
[WhiteElo "2105"]
[BlackElo "2335"]

1.e4 c5 2.Nf3 e6 3.Nc3 Nc6 4.d4 cxd4 5.Nxd4 Nf6 6.Be2 Bb4 7.O-O O-O 8.Ndb5 a6
9.Nd6 Qc7 10.Nxc8 Raxc8 11.Bd3 Ne5 12.Ne2 Nxd3 13.cxd3 d5 14.f3 dxe4 15.dxe4 Qc4
16.Ng3 Rfd8 17.Qe2 Rd3 18.Be3 Rxe3  0-1

[Event "EU-ch U20"]
[Site "Tallinn"]
[Date "1997.09.15"]
[Round "6"]
[White "Hunt, Harriet"]
[Black "Agopov, Mikael"]
[Result "1/2-1/2"]
[WhiteElo "2360"]
[BlackElo "2300"]

1.e4 c5 2.Nf3 Nc6 3.d4 cxd4 4.Nxd4 e6 5.Nc3 Qc7 6.f4 a6 7.Nxc6 Qxc6 8.Bd3 b5
9.O-O b4 10.Nb1 Bc5+ 11.Kh1 Nf6 12.Qe2 Bb7 13.Nd2 d5 14.e5 Ne4 15.Nb3 Bb6
16.Be3 O-O 17.Rad1 Rfd8 18.Bd4 a5 19.Qe3 Bc7 20.f5 exf5 21.Rxf5 Ba6 22.Qf3 Rd7
23.Be3 Bb6 24.Rf1 Bxe3 25.Qxe3 Re8 26.Nxa5 Qa8 27.Nb3 g6 28.R5f3 Rxe5 29.Qd4 Ree7
30.Qxb4 Ng5 31.R3f2 Ne4 32.Rf4 Bxd3 33.cxd3 Rb7 34.Qd4 Qxa2 35.Nc1 Qxb2 36.Qxb2 Rxb2
37.dxe4 dxe4 38.h4 f5 39.R4f2 Rxf2 40.Rxf2 e3 41.Re2 Re4 42.Kg1 Rxh4 43.Rxe3 Kf7
44.Nd3 Ra4 45.Kf2 Ra6 46.Nb4 Rd6 47.Rc3 Rd2+ 48.Kf3 Kf6 49.Nd3 Kg5 50.Nf4 Ra2
51.Ne6+ Kf6 52.Rc6 Ke5 53.Ng5 Ra3+ 54.Kf2 Ra7 55.Kg3 Kd4 56.Rf6 Ke5 57.Re6+ Kd5
58.Re2 Kd6 59.Re1 Ra3+ 60.Nf3 Ra7 61.Rh1 Kd5 62.Rh4 h5 63.Kf4 Ra2 64.Rh2 Ra4+
65.Kg5 Rg4+ 66.Kf6 f4 67.Ng5 Kd4 68.Kxg6 Ke3 69.Kxh5 Rg3 70.Kh4 Kf2 71.Nh3+ Ke3
72.Kh5 f3 73.gxf3 Rxf3 74.Kg4 Rf8 75.Rh1 Kd4 76.Re1 Rg8+ 77.Kf3 Rf8+ 78.Nf4 Rf7
79.Re4+ Kc5 80.Ke3 Rh7 81.Rd4 Rh1 82.Nd3+ Kc6 83.Ke4 Rh4+ 84.Nf4 Kc5 85.Rd1 Rh2
86.Ke5 Kc4 87.Rc1+ Kb3 88.Ne6 Rh5+ 89.Kd6 Kb4 90.Rc8 Rh6 91.Kd5 Rh5+ 92.Ke4 Rh4+
93.Nf4 Kb3 94.Ke5 Rh2 95.Nd5 Rh5+ 96.Kd4 Rh4+ 97.Kd3 Rh3+ 98.Ne3 Kb4 99.Rc4+ Kb5
100.Re4 Kc5 101.Kc3 Rh1 102.Re5+ Kd6 103.Nc4+ Kc6 104.Rg5 Rc1+ 105.Kd3 Rd1+
106.Ke4 Re1+ 107.Ne3 Rh1 108.Nf5 Re1+ 109.Kf4 Rf1+ 110.Ke5 Re1+ 111.Kf6 Rf1
112.Rg2 Re1 113.Rd2 Kc5 114.Nd4 Rf1+ 115.Ke5 Re1+ 116.Kf4 Rf1+ 117.Nf3 Kc4
118.Ke3 Kc5 119.Rd8 Rh1 120.Nd2 Kc6 121.Ne4 Rg1 122.Rd6+ Kc7 123.Rh6 Re1+
124.Kd4 Rd1+ 125.Ke5 Re1 126.Kd5 Rd1+ 127.Kc4 Rc1+ 128.Nc3 Kd7 129.Kd4 Ke7
130.Nd5+ Kf7 131.Ra6  1/2-1/2

[Event "EU-ch U20"]
[Site "Tallinn"]
[Date "1997.09.16"]
[Round "7"]
[White "Groetz, Harald"]
[Black "Ooms, Andy"]
[Result "0-1"]
[WhiteElo "2245"]
[BlackElo "2170"]

1.e4 c5 2.Nf3 e6 3.d4 cxd4 4.Nxd4 Nc6 5.Nc3 Qc7 6.Be2 a6 7.O-O b5 8.Re1 Bb7
9.Bf1 Nf6 10.Nxc6 Bxc6 11.Nd5 Qb7 12.Nxf6+ gxf6 13.Qd4 Rg8 14.g3 Rc8 15.Bd2 Rg4
16.f3 Rg6 17.Be3 b4 18.c3 bxc3 19.bxc3 Bb5 20.c4 Bc5 21.Qc3 Bxe3+ 22.Qxe3 Bc6
23.Rab1 Qc7 24.Rb6 a5 25.Reb1 Rg5 26.f4 Rg8 27.Kf2 Kf8 28.Bd3 Kg7 29.e5 f5
30.Qd4 Be4 31.Bxe4 fxe4 32.Rc1 Qc5 33.Qxc5 Rxc5 34.Ke3 Rgc8 35.Rd6 Rxc4 36.Rxc4 Rxc4
37.Rxd7 Ra4 38.Rd2 h5 39.h3 f6 40.exf6+ Kxf6 41.Rb2 e5 42.fxe5+ Kf5 43.e6 Kxe6
44.Kf4 Kd5 45.Re2 Rd4 46.g4 hxg4 47.hxg4 Rd1 48.g5 Rf1+ 49.Kg3 Ke5 50.Rb2 Rg1+
51.Kh4 e3 52.Rb8 e2 53.Re8+ Kf4 54.Rf8+ Ke3 55.Re8+ Kd2 56.Rd8+ Kc3  0-1

[Event "RUS-ch (Women)"]
[Site "Elista"]
[Date "1997.09.28"]
[Round "10"]
[White "Galianina, Julia"]
[Black "Manakova, Maria"]
[Result "1-0"]
[WhiteElo "2270"]
[BlackElo "2345"]

1.Nf3 c5 2.e4 Nc6 3.Nc3 e6 4.d4 cxd4 5.Nxd4 d6 6.Bc4 Nf6 7.Be3 Be7 8.Bb3 O-O
9.Qe2 a6 10.O-O-O Qc7 11.g4 b5 12.g5 Nxd4 13.Bxd4 Nd7 14.Rhg1 Bb7 15.Qh5 Rfe8
16.g6 fxg6 17.Bxe6+ Kh8 18.Rxg6 Ne5 19.Bxe5 dxe5 20.Rd7 Qb6 21.Rh6  1-0

[Event "POL-chT"]
[Site "Krynica"]
[Date "1997.09.29"]
[Round "5"]
[White "Brustman, Agnieszka"]
[Black "Blimke, Dalia"]
[Result "1-0"]
[WhiteElo "2380"]
[BlackElo "2180"]

1.e4 c5 2.Nf3 e6 3.d4 cxd4 4.Nxd4 Nc6 5.Nc3 Qc7 6.Be2 a6 7.O-O Nf6 8.Be3 Bb4
9.Na4 b5 10.Nxc6 dxc6 11.Bc5 bxa4 12.Bxb4 c5 13.Ba3 Bb7 14.f3 O-O 15.Qd2 Rac8
16.Qc3 Nd7 17.Rfd1 Nf6 18.b3 axb3 19.cxb3 Qb6 20.Qe3 Qa5 21.Bb2 Rfd8 22.Bc3 Rxd1+
23.Rxd1 Qxa2 24.Bc4  1-0

[Event "Bayer op"]
[Site "Leverkusen"]
[Date "1997.10.03"]
[Round "4"]
[White "Luboshitz, Alexander"]
[Black "Berberich, Christoph"]
[Result "1/2-1/2"]
[WhiteElo "2205"]
[BlackElo "2025"]

1.e4 c5 2.Nf3 Nc6 3.Nc3 e6 4.d4 cxd4 5.Nxd4 Nf6 6.Be3 Bb4 7.Bd3 O-O 8.O-O Ne5
9.h3 Nxd3 10.cxd3 e5 11.Nde2 d5 12.Bg5 dxe4 13.dxe4 Qxd1 14.Rfxd1 Be7 15.Bxf6 Bxf6
16.Nd5 Bd8 17.Rac1 Be6 18.b3 Rc8 19.Rxc8 Bxc8 20.Nec3 a6 21.Na4 f5 22.exf5 b5
23.Nc5 Rxf5 24.Ne3 Rf8 25.Nd7 Re8 26.Nxe5 Bb6 27.Nf3 Bb7 28.Re1 Bxf3 29.gxf3 Re6
30.Ng2 Rd6 31.Re2 Rd1+ 32.Kh2 Bc7+ 33.f4 g5 34.Re7 Rc1 35.Kg3 gxf4+ 36.Nxf4 Rc2
37.f3 Bxf4+ 38.Kxf4 Rxa2 39.Ra7 Ra3 40.h4 Rxb3 41.Rxa6 Kg7 42.h5 h6 43.Rg6+ Kh7
44.Rb6 Kg7 45.Ke4 b4 46.f4 Rh3 47.Rxb4 Rxh5 48.Rb7+ Kf6 49.Rb6+ Kg7 50.f5 Rh1
51.Rg6+ Kf7  1/2-1/2

[Event "Tilburg Fontys"]
[Site "Tilburg"]
[Date "1997.10.03"]
[Round "6"]
[White "Van Wely, Loek"]
[Black "Lautier, Joel"]
[Result "1/2-1/2"]
[WhiteElo "2655"]
[BlackElo "2660"]

1.e4 c5 2.Nf3 e6 3.d4 cxd4 4.Nxd4 Nc6 5.Nc3 Qc7 6.Be3 a6 7.f3 b5 8.Qd2 Nxd4
9.Bxd4 Ne7 10.O-O-O Nc6 11.Be3 Bb4 12.h4 Ne5 13.h5 h6 14.Qd4 Bxc3 15.bxc3 f6
16.Rh4 Bb7 17.f4 Nc6 18.Qd6 Qxd6 19.Rxd6 Ne7 20.Bd3 Rc8 21.Kd2 Rc7 22.Bb6 Rc6
23.Rxc6 Bxc6 24.g4 d6 25.c4 Kd7 26.cxb5 axb5 27.Be3 e5 28.fxe5 dxe5 29.Rh1 Nc8
30.Bc5 Nd6 31.Ke3 Kc7 32.Rb1  1/2-1/2

[Event "AUT-chT2S 9798"]
[Site "Austria"]
[Date "1997.10.05"]
[Round "2"]
[White "Witzany, Christoph"]
[Black "Schroecker, Hans Peter"]
[Result "0-1"]
[WhiteElo "2120"]
[BlackElo "2205"]

1.e4 c5 2.Nf3 Nc6 3.d4 cxd4 4.Nxd4 e6 5.Nc3 Qc7 6.g3 a6 7.Bg2 Nf6 8.O-O d6
9.h3 Be7 10.Nde2 b5 11.a4 b4 12.Na2 Rb8 13.Bd2 O-O 14.c3 d5 15.exd5 exd5
16.Bf4 Bd6 17.Bxd5 Rd8 18.c4 Bxh3 19.Re1 Bg4 20.Bxd6 Qxd6 21.Bxc6 Qxc6 22.Qb3 Ne4
23.Qe3 Nd2 24.Nf4 Qh6  0-1

[Event "Nordic-ch VISA"]
[Site "Reykjavik"]
[Date "1997.10.11"]
[Round "4"]
[White "Thorhallsson, Throstur"]
[Black "Hansen, Curt"]
[Result "0-1"]
[WhiteElo "2510"]
[BlackElo "2600"]

1.e4 c5 2.Nf3 Nc6 3.Nc3 e6 4.d4 cxd4 5.Nxd4 a6 6.g3 d6 7.Bg2 Bd7 8.O-O Be7
9.Be3 Nf6 10.f4 O-O 11.Qe2 Qc7 12.Nb3 b5 13.a3 Rab8 14.g4 g6 15.Rad1 b4 16.axb4 Nxb4
17.g5 Nh5 18.Rd4 f6 19.gxf6 Nxf6 20.Rc4 Qd8 21.Rd1 Qe8 22.Rc7 Rf7 23.Bh3 Bd8
24.Ra7 Bb6 25.Bxb6 Rxb6 26.e5 Nh5 27.Rxd6 Rxd6 28.exd6 Nxf4 29.Qg4 Qb8 30.Rc7 Qb6+
31.Rc5 e5 32.Qxd7 Rxd7 33.Bxd7 Qxd6 34.Bg4 Nxc2 35.Ne4 Qb6 36.Nbd2 Ne3 37.Bf3 Nd3
38.Rc8+ Kg7 39.h4 Nc4+ 40.Kg2 Nxd2  0-1

[Event "Owens Corning"]
[Site "Wrexham"]
[Date "1997.10.14"]
[Round "1"]
[White "Nielsen, Tommy"]
[Black "Taimanov, Mark E"]
[Result "1/2-1/2"]
[WhiteElo "2225"]
[BlackElo "2425"]

1.e4 c5 2.Nf3 e6 3.d4 cxd4 4.Nxd4 Nc6 5.Nc3 a6 6.Be3 Nge7 7.Be2 Nxd4 8.Qxd4 b5
9.f4 Nc6 10.Qd2 Na5 11.O-O Qc7 12.Rad1 Bc5 13.Bxc5 Qxc5+ 14.Qd4 Qa7 15.Qxa7 Rxa7
16.Bxb5 axb5 17.Nxb5 Rb7 18.Nd6+ Ke7 19.Nxb7 Bxb7 20.Rd4 Rc8 21.Rc1 f6 22.Rb4 Bc6
23.Kf2 e5 24.g3 Nb7 25.Ke3 Nd6 26.c3 Ra8 27.a3 Kd8 28.fxe5 fxe5 29.Rf1 Ke7
30.Rf2 Bb5 31.Rd2 Nc4+ 32.Ke2 Nxd2+ 33.Rxb5 Nc4 34.Kd3 Rc8 35.b3 Nd6 36.Rxe5+ Kf6
37.Rd5 Ke6 38.a4 Rf8 39.a5 Rf1 40.Rd4 Rf3+ 41.Kc2 Rf2+ 42.Rd2 Rf1 43.Rd4 Rf2+
44.Rd2 Rf1 45.Rd4  1/2-1/2

[Event "Owens Corning"]
[Site "Wrexham"]
[Date "1997.10.14"]
[Round "1"]
[White "Van den Doel, Erik"]
[Black "Jansa, Vlastimil"]
[Result "0-1"]
[WhiteElo "2440"]
[BlackElo "2480"]

1.e4 c5 2.Nf3 e6 3.d4 cxd4 4.Nxd4 Nc6 5.Nc3 a6 6.Nxc6 bxc6 7.Bd3 d5 8.O-O Nf6
9.Re1 Bb7 10.e5 Nd7 11.Na4 Nb6 12.Nxb6 Qxb6 13.Qg4 h5 14.Qh3 Be7 15.Rb1 c5
16.Bd2 c4 17.Bf1 Bc5 18.Qf3 d4 19.Qf4 Qc6 20.Kh1 h4 21.h3 Bb6 22.Qg4 O-O-O
23.f3 c3 24.Bg5 d3 25.Bxd8 dxc2 26.Rbc1 Rxd8 27.Rxc2 Rd2 28.Rec1 Qd5 29.Qb4 Rxc2
30.Rxc2 Bd4 31.Qf8+ Kc7 32.Rc1 Bxe5 33.Qxf7+ Kb6 34.Qh5 Qd2 35.Ra1 Qf4  0-1

[Event "Nordic-ch VISA"]
[Site "Reykjavik"]
[Date "1997.10.15"]
[Round "7"]
[White "Hector, Jonny"]
[Black "Hjartarson, Johann"]
[Result "1/2-1/2"]
[WhiteElo "2470"]
[BlackElo "2605"]

1.e4 c5 2.Nf3 e6 3.d4 cxd4 4.Nxd4 Nc6 5.Nc3 Qc7 6.Be3 a6 7.Bd3 b5 8.Nxc6 dxc6
9.O-O Nf6 10.a4 b4 11.Nb1 c5 12.Nd2 Bb7 13.Qe2 Be7 14.Rfc1 O-O 15.c3 Qb8
16.cxb4 cxb4 17.Bg5 h6 18.Bh4 Qd8 19.Nc4 Nd7 20.Bg3 Nc5 21.Rd1 a5 22.Ne5 Nxd3
23.Rxd3 Ba6 24.Rxd8 Bxe2 25.Rd2 Ba6 26.Nc6 Bg5 27.f4 Bb7 28.Rc1 Rfc8 29.Rdc2 Bd8
30.Bf2 Kh7 31.e5 g5 32.g3 gxf4 33.gxf4 Kg6 34.Be3 Kf5 35.Kf2 Bh4+ 36.Ke2 Rg8
37.Kd3 Ba6+ 38.Kd4 Bd8 39.Kc5 Rc8 40.Kd6 Bh4 41.Bb6 Kxf4 42.Bxa5 Bd3 43.Rc4+ Bxc4
44.Rxc4+ Kg5 45.Bb6 Kh5 46.a5 Rg2 47.Kd7 Ra8 48.Rxb4 Rxh2 49.Rb5 Be1 50.b4 Ra2
51.Kc7 Kg4 52.Rc5 h5 53.Kb7 Rh8 54.Rc1 Bg3 55.a6 h4 56.a7 h3 57.Ba5 Bf2 58.a8=Q Rxa8
59.Kxa8 h2 60.Rh1 Kh3 61.Kb7 Kg2 62.Rxh2+ Kxh2 63.b5 Kg3 64.b6 Kf4 65.Ka6 Bxb6  1/2-1/2

[Event "Owens Corning"]
[Site "Wrexham"]
[Date "1997.10.21"]
[Round "8"]
[White "Lane, Gary W"]
[Black "Jansa, Vlastimil"]
[Result "1-0"]
[WhiteElo "2420"]
[BlackElo "2480"]

1.e4 c5 2.Nf3 e6 3.d4 cxd4 4.Nxd4 Nc6 5.Nc3 a6 6.Nxc6 bxc6 7.Bd3 d5 8.O-O Nf6
9.Qe2 Be7 10.b3 O-O 11.Bb2 Bb7 12.Rad1 Qc7 13.Rfe1 Rfe8 14.Na4 dxe4 15.Bxe4 Nxe4
16.Qxe4 c5 17.Qg4 Bf8 18.Be5 Qa5 19.Bc3 Qb5 20.h4 Rad8 21.Rxd8 Rxd8 22.h5 h6
23.Re3 Rd5 24.Be5 Qc6 25.c4 Rd7 26.Rg3 Qe4 27.Qxe4 Bxe4 28.Re3 Bc6 29.Nc3 f6
30.Bg3 Kf7 31.f3 Be7 32.Kf2 Rd4 33.Ke2 f5 34.Rd3 Kf6 35.Rxd4 cxd4 36.Bh4+ Kf7
37.Bxe7 Kxe7 38.Nd1 e5 39.Kd3 Kf6 40.b4 Kg5 41.Nb2 Kxh5 42.a4 e4+ 43.Kxd4 exf3
44.gxf3 Bxf3 45.Nd3 Kg5 46.b5 Kf6 47.b6 Ke7 48.Ne5 Be4 49.c5 Kd8 50.c6 Bxc6
51.Nxc6+ Kc8 52.a5 f4 53.Ke4 g5 54.Ne5 h5 55.Kf5 h4 56.Kxg5 h3 57.Nf3  1-0

[Event "Copa Itau Mercosul"]
[Site "Sao Paulo"]
[Date "1997.10.22"]
[Round "4"]
[White "Zapata, Alonso"]
[Black "Melao, Hindemburg"]
[Result "1-0"]
[WhiteElo "2505"]
[BlackElo "2175"]

1.e4 c5 2.Nf3 Nc6 3.d4 cxd4 4.Nxd4 e6 5.Nc3 Qc7 6.Be2 a6 7.O-O b5 8.Nxc6 dxc6
9.a4 b4 10.Nb1 Nf6 11.Bd3 Bb7 12.Nd2 Bd6 13.h3 h5 14.Nc4 Bh2+ 15.Kh1 g5 16.g3 O-O-O
17.Bxg5 Nxe4 18.Bf4  1-0

[Event "Copa Itau Mercosul"]
[Site "Sao Paulo"]
[Date "1997.10.23"]
[Round "5"]
[White "Van Riemsdijk, Herman C"]
[Black "Marques, Vinicius"]
[Result "1-0"]
[WhiteElo "2400"]
[BlackElo "2255"]

1.e4 c5 2.Nf3 e6 3.d4 cxd4 4.Nxd4 Nc6 5.Nc3 Qc7 6.g3 a6 7.Bg2 Nf6 8.O-O Bc5
9.Nxc6 dxc6 10.Na4 Ba7 11.c4 Nd7 12.Qg4 Bd4 13.Rd1 h5 14.Qe2 c5 15.Be3 e5
16.Rac1 Qa5 17.Nc3 Nf6 18.Nd5 Bg4 19.Bf3 Nxd5 20.exd5 Bxf3 21.Qxf3 O-O 22.Bxd4 exd4
23.a3 g6 24.b4 cxb4 25.axb4 Qxb4 26.Rxd4 b5 27.Qd3 Rac8 28.c5 Qb2 29.Qd1 Rfe8
30.d6 Re2 31.d7 Rd8 32.Qxe2  1-0